000 00274nam a22001217a 4500
008 170221b xxu||||| |||| 00| 0 eng d
041 _aeng
080 _25 ED
_a615
100 _a5
101 _aSHF
245 _aHNABOOK OF NONPRESCRIPTION DRUGS
_cPENNA.R.P
942 _2udc
_cBK
999 _c5974
_d5974